000 00275nam a2200097Ia 4500
008 220204s9999 xx 000 0 und d
082 _a677.181:334(083)
_bSUR
245 0 _aSurvey of primary coir co-opeatives in Kerala
260 _aTrivandrum
_bBureau of Economics
942 _cBK
999 _c20094
_d20094